000
00221 a2200097 4500
001
48222
100
_a
M S M Khan
245
_a
Iqbal our Tehrik Pakistan
260
_a
Lahore
_b
Sheikh Ghulam Ali
_c
090
_c
31181
_d
31181
942
_a
NUST-CAE
_c
M
_c
23538
999
_c
283295
_d
283295